| 000 | 01248nam a2200325 a 4500 | ||
|---|---|---|---|
| 001 | ebr10486600 | ||
| 003 | CaPaEBR | ||
| 006 | m u | ||
| 007 | cr cn||||||||| | ||
| 008 | 800115s1979 enkaf sb 001 0 eng d | ||
| 020 | _z0931130034 | ||
| 020 | _z9781408138557 (epub) | ||
| 020 | _z9781408138533 | ||
| 020 | _z9781408138540 (e-book) | ||
| 040 |
_aCaPaEBR _cCaPaEBR |
||
| 035 | _a(OCoLC)754713714 | ||
| 050 | 1 | 4 |
_aQL696.F3 _bN49 1979eb |
| 100 | 1 | _aNewton, Ian. | |
| 245 | 1 | 0 |
_aPopulation ecology of raptors _h[electronic resource] / _cby Ian Newton ; illustrations by Jim Gammie. |
| 260 |
_aBerhamsted [England] : _bT & AD Poyser, _c1979. |
||
| 300 |
_a399 p., [16] leaves of plates : _bill. |
||
| 504 | _aIncludes bibliographical references and index. | ||
| 533 |
_aElectronic reproduction. _bPalo Alto, Calif. : _cebrary, _d2013. _nAvailable via World Wide Web. _nAccess may be limited to ebrary affiliated libraries. |
||
| 650 | 0 |
_aBirds of prey _xEcology. |
|
| 650 | 0 | _aBird populations. | |
| 655 | 7 |
_aElectronic books. _2local |
|
| 700 | 1 | _aGammie, Jim. | |
| 710 | 2 | _aebrary, Inc. | |
| 856 | 4 | 0 |
_uhttp://site.ebrary.com/lib/rucke/Doc?id=10486600 _zAn electronic book accessible through the World Wide Web; click to view |
| 999 |
_c227306 _d227306 |
||